LEADER 00849nam a2200217 i 4500 001 000000179243 003 CaOOAMICUS 005 20090904000000.0 008 090904s2007 it u000 u ita u 013 $a156819 040 $aSeMil$bita 245 10$aIdentità differenze conflitti /$ca cura di Luigi Ruggiu ; Francesco Mora. 260 $aMilano :$bMimesis,$c2007. 300 $a487 pag. ;$c21 cm. 700 1 $aMora, Francesco,$d<1959- >.$0(OLS)http://semarc/name/66482 700 1 $aRuggiu, Luigi,$d<1939- >.$0(OLS)http://semarc/name/17113 850 $aSeMil 852 $aSeMil$W1$xVenegono$y1$m807 4 1 *$j130008$B130008$CSeMilBibl$Z2$F143975 $81 961 $aOmaggio: Conti don Ermenegildo 996 $6245$aIdentità differenze conflitti$9(OLS)http://semarc/title/257388 996 $6260$aMilano :$bMimesis$9(OLS)http://semarc/publisher/31844 LEADER 01022nam a2200253 i 4500 001 000000117001 003 CaOOAMICUS 005 20030708000000.0 008 030708s1993 fr u000 u fre u 013 $a89690 040 $aSeMil$bita 100 1 $aMartini, Carlo Maria,$c.$0(OLS)http://semarc/name/89159 245 13$aLa onzième heure ou se décider pour le Christ /$cCarlo Maria Martini. 260 $aParis :$bVie chrétienne,$ccopyr. 1993. 300 $a79 p. ;$c21 cm. 500 $aFondo Card. C.M. Martini. 650 4$aFormazione.$0(OLS)http://semarc/subject/16027 650 4$aDecisione.$0(OLS)http://semarc/subject/11320 850 $aSeMil 852 $aSeMil$W1$xVenegono$y1$m2F II 465$j72401$B72401$CSeMilBibl$Z2$F86835 $81 941 1 $a4 961 $aOmaggio: Martini Card. Carlo Maria 996 $6245$aLa onzième heure ou se décider pour le Christ$9(OLS)http://semarc/title/171665 996 $6260$aParis :$bVie chrétienne$9(OLS)http://semarc/publisher/35315